Представление документа в формате MARC21

Поле Инд. ПП Название Значение
Тип записи a
Библиографический уровень b
001 Контрольный номер 43ad7f93e6be46289f05fd0f84bf61f8
005 Дата корректировки 20251121165800.1
008 Кодируемые данные 20140826
040 b Код языка каталог. rus
e Правила каталог. PSBO
041 0_ a Код языка текста rus
084 a Индекс другой классификации/Индекс ББК 74.48
100 1_ a Автор Даминова С. О.
q Полное имя Даминова София Оскаровна
245 10 a Заглавие Жанры научных аудиовизуальных текстов на иностранном языке как основа формирования умений аудиовизуализации у студентов неязыковых вузов
500 a Примечание Электронная версия статьи: https://doi.org/10.30853/pedagogy.2018.4.7
504 a Библиография Лит. в конце статьи
650 14 a Основная рубрика образование; профессиональное образование; высшее образование
653 1_ a Ключевые слова аудиовизуализация
a Ключевые слова аудиовизуальная лекция
a Ключевые слова аудиовизуальный доклад
a Ключевые слова аудиовизуальный текст
a Ключевые слова высшее учебное заведение (вуз)
a Ключевые слова естественнонаучное образование
a Ключевые слова жанры текста
a Ключевые слова изучение иностранных языков
a Ключевые слова иностранный язык
a Ключевые слова иноязычные тексты
a Ключевые слова методика обучения
a Ключевые слова научный текст
a Ключевые слова неязыковые вузы
a Ключевые слова речевая деятельность
a Ключевые слова Россия
a Ключевые слова студенты
a Ключевые слова университеты
773 08 t Заглавие источника Педагогика. Вопросы теории и практики
d Дата издания источника 2018
g Прочая информация № 4. - С. 30 - 34
w Контрольный № источника DU/602701126
901 t Тип документа b